| 000 | 00649nam a22002177a 4500 | ||
|---|---|---|---|
| 999 |
_c3302 _d3302 |
||
| 003 | OSt | ||
| 005 | 20210324124301.0 | ||
| 008 | 210324b ||||| |||| 00| 0 eng d | ||
| 020 | _a0675070112 | ||
| 040 |
_cKABLIB _dKABLIB |
||
| 082 |
_223 _a613.07 _bMEE |
||
| 100 |
_a Meeks, Linda Brower _9384 |
||
| 245 |
_aHealth : _b focus on you / _cLinda Brower Meeks, Philip Heit |
||
| 260 |
_aLondon : _bCharles E. Merrill Publishing Company ; _cc1982. |
||
| 300 |
_aviii, 342p. : _bill. col. ; _c24cm. |
||
| 500 | _aIncludes : Glossary , Index | ||
| 650 |
_aHealth _98689 |
||
| 690 |
_aHealth _98689 |
||
| 700 |
_aHeit, Philip _9387 |
||
| 942 |
_2ddc _cBOOK |
||